000 01220nam a22002171a 4500
999 _c18921
_d18921
001 18921
003 OSt
005 20260204212429.0
008 181025s2018||||dr ||||||b||||||||||spa||
090 _aADM 2018 F37
100 _aFernández Sánchez, Anyeris Carolina
_esustentante
245 _aGestión de la calidad en las clínicas privadas con enfoque en la Norma ISO 9001 / Anyeris Carolina Fernández Sánchez, Johanna Sánchez Vicioso ; asesor Licdo.Marién Emilio Acosta
260 _aCotuí, República Dominicana :
_bUTECO,
_c2018
300 _a60 hojas
502 _aTrabajo de grado (Licenciatura en Administración de Empresas)--Universidad Tecnológica del Cibao Oriental, 2022.
504 _aincluye referencia bibliográfica e índice
505 _aÍndice -- declaración de autoría -- agradecimientos -- dedicatorias--resumen -- Capítulo I: Introducción -- Capítulo II: Revisión de literatura -- Capítulo III: Metodología -- Capítulo IV: Presentación de los resultados -- Capítulo V: Discusión y análisis de los resultados
650 _aAdministración de Empesas
830 _aTesis y disertaciones académicas (Universidad Tecnológica del Cibao Oriental)
942 _2LC
_cTH